[Event "Copenhagen Unibank"]
[Site "Copenhagen"]
[Date "1991.08.02"]
[Round "7"]
[White "Danielsen, Henrik"]
[Black "Warwaszynski, Zbigniew"]
[Result "1/2-1/2"]
[WhiteElo "2405"]
[BlackElo "2290"]
[PlyCount "122"]
[EventDate "1991.07.??"]
[EventType "swiss"]
[EventRounds "9"]
[EventCountry "DEN"]

1. d4 Nf6 2. Nf3 e6 3. c4 Ne4 4. Qc2 d5 5. Bf4 Bb4+ 6. Nbd2 Nc6 7. a3 Bxd2+ 8. Bxd2 O-O 9. e3 Nxd2 10. Qxd2 a5 11. Rc1 a4 12. Qc2 Bd7 13. cxd5 exd5 14. Bd3 g6 15. O-O Re8 16. Ne5 Nxe5 17. dxe5 Rxe5 18. Qxc7 Qxc7 19. Rxc7 Bc6 20. Rd1 Kf8 21. h4 h5 22. Bb1 Re7 23. Rxe7 Kxe7 24. Kf1 Ra5 25. g3 Rb5 26. Rd2 Rc5 27. Bc2 Ke6 28. Ke1 f5 29. Kd1 Bb5 30. Rd4 Rc4 31. Rxc4 dxc4 32. Kd2 Kd5 33. Kc3 Kc5 34. e4 Bd7 35. exf5 gxf5 36. Bd1 Be8 37. Bf3 b5 38. Bb7 Bd7 39. Bf3 Be8 40. Bd1 Bf7 41. Bc2 Be6 42. g4 fxg4 43. Bg6 g3 44. fxg3 Bg4 45. Be8 Bf3 46. Bd7 Bd1 47. Bc8 Be2 48. Be6 Bd1 49. Bf5 Be2 50. Kd2 Bf3 51. Ke3 Bd1 52. g4 b4 53. gxh5 Bxh5 54. Bc2 c3 55. axb4+ Kxb4 56. bxc3+ Kxc3 57. Bxa4 Kc4 58. Ke4 Kc5 59. Ke5 Be2 60. Be8 Bd1 61. h5 Bxh5 1/2-1/2

[Event "Copenhagen Unibank"]
[Site "Copenhagen"]
[Date "1991.07.30"]
[Round "4"]
[White "Dobronauteanu, Ion Serban"]
[Black "Bogo, Soren"]
[Result "0-1"]
[WhiteElo "2220"]
[BlackElo "2255"]
[PlyCount "52"]
[EventDate "1991.07.??"]
[EventType "swiss"]
[EventRounds "9"]
[EventCountry "DEN"]

1. d4 Nf6 2. c4 g6 3. Nc3 Bg7 4. e4 d6 5. Be2 O-O 6. Nf3 Na6 7. O-O e5 8. Bg5 h6 9. Bh4 Qe8 10. d5 Nh5 11. Ne1 Nf4 12. Bg3 f5 13. exf5 Bxf5 14. Bg4 Qd7 15. Bxf5 Qxf5 16. Nc2 Nc5 17. f3 a5 18. Rb1 Rf7 19. Bf2 Qg5 20. Ne1 Nh3+ 21. Kh1 Nxf2+ 22. Rxf2 Qh4 23. Qe2 e4 24. g3 Qe7 25. fxe4 Rxf2 26. Qxf2 Bxc3 0-1

[Event "Copenhagen Unibank"]
[Site "Copenhagen"]
[Date "1991.08.03"]
[Round "8"]
[White "Dobronauteanu, Ion Serban"]
[Black "Nielsen, Uffe V"]
[Result "1/2-1/2"]
[WhiteElo "2220"]
[BlackElo "2300"]
[PlyCount "40"]
[EventDate "1991.07.??"]
[EventType "swiss"]
[EventRounds "9"]
[EventCountry "DEN"]

1. d4 Nf6 2. c4 c5 3. dxc5 e6 4. Nf3 Bxc5 5. e3 O-O 6. Be2 b6 7. O-O Bb7 8. Nbd2 d5 9. cxd5 Nxd5 10. Nb3 Be7 11. a3 Nd7 12. e4 N5f6 13. e5 Nd5 14. Bd3 Re8 15. Bd2 a6 16. Qe2 Nf8 17. Rac1 Ng6 18. g3 Qd7 19. Rfd1 Rec8 20. h4 Rxc1 1/2-1/2

[Event "Copenhagen Unibank"]
[Site "Copenhagen"]
[Date "1991.07.27"]
[Round "1"]
[White "Dobronauteanu, Ion Serban"]
[Black "Asanov, Bolat"]
[Result "0-1"]
[WhiteElo "2220"]
[BlackElo "2400"]
[PlyCount "62"]
[EventDate "1991.07.??"]
[EventType "swiss"]
[EventRounds "9"]
[EventCountry "DEN"]

1. d4 Nf6 2. c4 g6 3. Nc3 Bg7 4. e4 d6 5. Be2 O-O 6. Nf3 Na6 7. O-O e5 8. d5 Ne8 9. a3 c5 10. Ne1 f5 11. f3 f4 12. Nd3 h5 13. b4 b6 14. bxc5 Nxc5 15. Nxc5 bxc5 16. Rb1 g5 17. Bd2 Rf6 18. Rb3 Rg6 19. Qb1 Bd7 20. Qb2 g4 21. Rb1 Kh7 22. Rb7 Nf6 23. Rb8 Rxb8 24. Qxb8 Bc8 25. Rb7 gxf3 26. Bxf3 Ng4 27. h3 Qh4 28. Rxg7+ Rxg7 29. hxg4 Bxg4 30. Kf1 Bxf3 31. gxf3 Qh2 0-1

[Event "Copenhagen Unibank"]
[Site "Copenhagen"]
[Date "1991.08.04"]
[Round "9"]
[White "Dobronauteanu, Ion Serban"]
[Black "Skousen, Nikolai"]
[Result "1/2-1/2"]
[WhiteElo "2220"]
[BlackElo "2245"]
[PlyCount "22"]
[EventDate "1991.07.??"]
[EventType "swiss"]
[EventRounds "9"]
[EventCountry "DEN"]

1. d4 Nf6 2. Nf3 g6 3. g3 Bg7 4. Bg2 O-O 5. O-O d6 6. Re1 Nbd7 7. e4 e5 8. Nc3 c6 9. dxe5 dxe5 10. h3 Qc7 11. Be3 Nb6 1/2-1/2

[Event "Copenhagen Unibank"]
[Site "Copenhagen"]
[Date "1991.07.31"]
[Round "5"]
[White "Fedder, Steen"]
[Black "Sorensen, Torben N"]
[Result "1/2-1/2"]
[WhiteElo "2400"]
[BlackElo "2280"]
[PlyCount "53"]
[EventDate "1991.07.??"]
[EventType "swiss"]
[EventRounds "9"]
[EventCountry "DEN"]

1. d4 Nf6 2. c4 g6 3. Nc3 d5 4. Bf4 Bg7 5. e3 c5 6. dxc5 Qa5 7. Rc1 Ne4 8. cxd5 Nxc3 9. Qd2 Qxa2 10. bxc3 Qxd2+ 11. Kxd2 Nd7 12. Bb5 O-O 13. Bxd7 Bxd7 14. Rb1 e5 15. Bg3 Bf5 16. Rxb7 Be4 17. Nf3 Bxd5 18. Rd7 Rfd8 19. Rxd8+ Rxd8 20. Kc1 Rc8 21. Rd1 Rxc5 22. e4 Bxe4 23. Rd8+ Bf8 24. Bxe5 Rd5 25. Re8 Bxf3 26. gxf3 f6 27. Bd4 1/2-1/2

[Event "Copenhagen Unibank"]
[Site "Copenhagen"]
[Date "1991.08.02"]
[Round "7"]
[White "Fedder, Steen"]
[Black "Bang, Andreas"]
[Result "1-0"]
[WhiteElo "2400"]
[BlackElo "2285"]
[PlyCount "87"]
[EventDate "1991.07.??"]
[EventType "swiss"]
[EventRounds "9"]
[EventCountry "DEN"]

1. d4 d5 2. c4 c6 3. Nf3 Nf6 4. Nc3 dxc4 5. a4 Bf5 6. Ne5 c5 7. e4 Qxd4 8. Qxd4 cxd4 9. exf5 dxc3 10. Bxc4 e6 11. fxe6 fxe6 12. Bxe6 Bb4 13. O-O Nc6 14. Nxc6 bxc6 15. bxc3 Bxc3 16. Rb1 Ke7 17. Bc4 Rab8 18. Ba3+ Kd7 19. Rfd1+ Nd5 20. Rbc1 Bb2 21. Bxb2 Rxb2 22. Bxd5 cxd5 23. Rxd5+ Ke6 24. Ra5 Rc8 25. Re1+ Kf6 26. Ra6+ Kf7 27. Rxa7+ Kf6 28. h4 Ra2 29. g3 h5 30. Ree7 g6 31. Rf7+ Ke6 32. Rg7 Rf8 33. Rge7+ Kd5 34. Rf7 Rxf7 35. Rxf7 Rxa4 36. Rf6 Rg4 37. Kg2 Ke5 38. Ra6 Kf5 39. f4 Ke4 40. Ra5 Ke3 41. Re5+ Kd3 42. Kf3 Kd4 43. Ra5 Kd3 44. Rg5 1-0

[Event "Copenhagen Unibank"]
[Site "Copenhagen"]
[Date "1991.08.04"]
[Round "9"]
[White "Fedder, Steen"]
[Black "Hector, Jonny"]
[Result "1/2-1/2"]
[WhiteElo "2400"]
[BlackElo "2500"]
[PlyCount "68"]
[EventDate "1991.07.??"]
[EventType "swiss"]
[EventRounds "9"]
[EventCountry "DEN"]

1. d4 d5 2. c4 c6 3. Nf3 Nf6 4. Nc3 dxc4 5. a4 Bf5 6. Ne5 e6 7. f3 Bb4 8. Nxc4 O-O 9. Bg5 h6 10. Bh4 c5 11. dxc5 Qxd1+ 12. Rxd1 Bc2 13. Rc1 Bxa4 14. Bxf6 gxf6 15. Ra1 Bb3 16. Nb6 Nc6 17. Nxa8 Rxa8 18. e3 f5 19. Be2 Bxc5 20. Bd1 Bc4 21. Be2 Bb3 22. Bd1 Bc4 23. Be2 b5 24. Bxc4 bxc4 25. Ra4 Rb8 26. Rxc4 Ne5 27. Rxc5 Nd3+ 28. Kd2 Nxc5 29. Kc2 Nb3 30. Rd1 Rb7 31. Rd8+ Kg7 32. Rc8 Na1+ 33. Kb1 Nb3 34. Kc2 Na1+ 1/2-1/2

[Event "Copenhagen Unibank"]
[Site "Copenhagen"]
[Date "1991.07.29"]
[Round "3"]
[White "Fedder, Steen"]
[Black "Kishnev, Sergey"]
[Result "1/2-1/2"]
[WhiteElo "2400"]
[BlackElo "2540"]
[PlyCount "41"]
[EventDate "1991.07.??"]
[EventType "swiss"]
[EventRounds "9"]
[EventCountry "DEN"]

1. d4 Nf6 2. c4 e6 3. g3 d5 4. Nf3 dxc4 5. Qa4+ Nbd7 6. Bg2 a6 7. Nc3 Be7 8. Qxc4 b5 9. Qd3 Bb7 10. O-O O-O 11. Bg5 c5 12. dxc5 Nxc5 13. Qxd8 Rfxd8 14. Rac1 b4 15. Nb1 Rac8 16. Ne5 Nce4 17. Be3 Bd5 18. Bb6 Re8 19. b3 Bc5 20. Bxc5 Nxc5 21. Nd2 1/2-1/2

[Event "Copenhagen Unibank"]
[Site "Copenhagen"]
[Date "1991.07.27"]
[Round "1"]
[White "Fedder, Steen"]
[Black "Peschardt, Soren"]
[Result "1/2-1/2"]
[WhiteElo "2400"]
[BlackElo "2235"]
[PlyCount "120"]
[EventDate "1991.07.??"]
[EventType "swiss"]
[EventRounds "9"]
[EventCountry "DEN"]

1. d4 f5 2. g3 Nf6 3. Bg2 g6 4. c4 Bg7 5. Nf3 d6 6. d5 O-O 7. O-O c5 8. Nc3 Na6 9. Rb1 Bd7 10. a3 Rb8 11. b4 Ng4 12. Nb5 Qb6 13. h3 Ne5 14. Nxe5 Bxe5 15. Be3 f4 16. gxf4 Bxf4 17. bxc5 Nxc5 18. Qd4 Bxe3 19. Qxe3 Bxb5 20. cxb5 Qc7 21. Rb4 Rf7 22. Rf4 Rxf4 23. Qxf4 Rf8 24. Qd4 Qa5 25. Qb4 Qxb4 26. axb4 Nb3 27. Rd1 Rc8 28. Rd3 Nc1 29. Re3 Rc7 30. h4 b6 31. Bf3 Na2 32. Rb3 Nc3 33. Bg4 Kg7 34. e3 Nxd5 35. Bf3 Nf6 36. Bc6 e6 37. Kf1 Kf7 38. Ke2 Ke7 39. Ra3 d5 40. Ra1 Nd7 41. e4 dxe4 42. Bxe4 Nf6 43. Bc6 Nd5 44. Bxd5 exd5 45. Kd3 Kd6 46. h5 Ke5 47. hxg6 hxg6 48. Rg1 Kf5 49. f4 Rc4 50. Rg5+ Kf6 51. Ke3 d4+ 52. Kd3 Rxb4 53. Rd5 Rb1 54. Ke4 Re1+ 55. Kd3 Rg1 56. Rd7 Kf5 57. Rxa7 Kxf4 58. Rb7 Rb1 59. Rxb6 g5 60. Kxd4 g4 1/2-1/2

[Event "Copenhagen Unibank"]
[Site "Copenhagen"]
[Date "1991.07.30"]
[Round "4"]
[White "Hansen, Sune Berg"]
[Black "Hector, Jonny"]
[Result "1/2-1/2"]
[WhiteElo "2320"]
[BlackElo "2500"]
[PlyCount "124"]
[EventDate "1991.07.??"]
[EventType "swiss"]
[EventRounds "9"]
[EventCountry "DEN"]

1. d4 Nf6 2. Nf3 d5 3. c4 e6 4. Nc3 Bb4 5. e3 O-O 6. Bd3 c5 7. O-O Nc6 8. a3 Ba5 9. cxd5 exd5 10. dxc5 Bxc3 11. bxc3 Qa5 12. Qc2 Bg4 13. Nd4 Qxc5 14. a4 Rfc8 15. Nxc6 Rxc6 16. Bd2 Bh5 17. Rfb1 Rc7 18. Rb4 Bg6 19. Rab1 b6 20. f3 Re8 21. Rb5 Qc4 22. e4 Qc6 23. e5 Nd7 24. f4 Be4 25. a5 bxa5 26. Rxa5 Nc5 27. Bxe4 Nxe4 28. Qd3 Rd7 29. Rba1 Rb8 30. Be1 h6 31. Qd4 Rb6 32. f5 g6 33. g4 Ng5 34. Qc5 Nf3+ 35. Kg2 Nxe5 36. Qxc6 Nxc6 37. R5a2 gxf5 38. gxf5 Ne7 39. Rxa7 Rxa7 40. Rxa7 Nxf5 41. Rc7 Kg7 42. Bf2 Rb2 43. Kf3 Kf6 44. Rc6+ Ke5 45. Bb6 Nh4+ 46. Kg3 Ng6 47. Bd4+ Ke4 48. Rf6 h5 49. h4 Rd2 50. Rxf7 Rd3+ 51. Kf2 Rh3 52. Rg7 Rf3+ 53. Ke2 Rg3 54. Kf2 Rg4 55. Rg8 Kd3 56. Rd8 Nf4 57. Kf3 Kc4 58. Rc8+ Kb3 59. Rd8 Rxh4 60. Be5 Ng6 61. Rxd5 Rh3+ 62. Kf2 Nxe5 1/2-1/2

[Event "Copenhagen Unibank"]
[Site "Copenhagen"]
[Date "1991.07.28"]
[Round "2"]
[White "Hansen, Sune Berg"]
[Black "Bogo, Soren"]
[Result "1/2-1/2"]
[WhiteElo "2320"]
[BlackElo "2255"]
[PlyCount "140"]
[EventDate "1991.07.??"]
[EventType "swiss"]
[EventRounds "9"]
[EventCountry "DEN"]

1. d4 d5 2. c4 e6 3. Nc3 c5 4. cxd5 exd5 5. Nf3 Nc6 6. dxc5 d4 7. Na4 Bxc5 8. Nxc5 Qa5+ 9. Qd2 Qxc5 10. e3 dxe3 11. Qxe3+ Qxe3+ 12. Bxe3 Be6 13. Nd4 Nxd4 14. Bxd4 f6 15. Be2 Ne7 16. O-O Kf7 17. Rfc1 Rhc8 18. b3 a6 19. Kf1 Bd5 20. Bg4 Be6 21. Bh5+ g6 22. Bf3 Bd5 23. Bg4 Be6 24. Be2 Bd5 25. Bb2 Rxc1+ 26. Rxc1 Rc8 27. Rxc8 Nxc8 28. f3 Ne7 29. Kf2 Nc6 30. Ke3 Ke6 31. h4 Nb4 32. a3 Nc6 33. b4 Bb3 34. Kd2 Bd5 35. Ke3 Bb3 36. Bc3 Na7 37. g4 Nc6 38. f4 f5 39. h5 Na7 40. Bf3 Bd5 41. Bd1 Nc6 42. Kf2 Ne7 43. Kg3 fxg4 44. Kxg4 Nf5 45. Kg5 Kf7 46. hxg6+ hxg6 47. Bc2 Ne7 48. Bf6 Nf5 49. Bd3 Nh4 50. Bc3 Nf5 51. Be5 Ne7 52. Kh6 Nf5+ 53. Kh7 Ne7 54. Bd6 Nf5 55. Bc7 Kf6 56. Bd8+ Kf7 57. Bg5 b5 58. Bb1 Bb3 59. Be4 Bc4 60. Bd8 Bb3 61. Bb7 Nd6 62. Bxa6 Bd5 63. Bc7 Bb7 64. Bxb7 Nxb7 65. Kh8 Kf8 66. Bb6 Kf7 67. Bc7 Kf8 68. Kh7 Kf7 69. Kh6 Kf6 70. Be5+ Kf5 1/2-1/2

[Event "Copenhagen Unibank"]
[Site "Copenhagen"]
[Date "1991.07.27"]
[Round "1"]
[White "Hector, Jonny"]
[Black "Bang, Andreas"]
[Result "1-0"]
[WhiteElo "2500"]
[BlackElo "2285"]
[PlyCount "79"]
[EventDate "1991.07.??"]
[EventType "swiss"]
[EventRounds "9"]
[EventCountry "DEN"]

1. e4 c6 2. Nc3 d5 3. Nf3 dxe4 4. Ng5 Bf5 5. Ngxe4 Nd7 6. d4 Ngf6 7. Bd3 Nxe4 8. Nxe4 Nf6 9. Nxf6+ gxf6 10. Bxf5 Qa5+ 11. c3 Qxf5 12. Qb3 Qe4+ 13. Be3 Bh6 14. O-O-O Bxe3+ 15. fxe3 b5 16. Rde1 f5 17. Rhf1 e6 18. Qa3 a5 19. g3 Rg8 20. Rf4 Qd5 21. e4 fxe4 22. Rfxe4 Rg5 23. g4 b4 24. cxb4 Qc4+ 25. Kb1 Qxb4 26. Qe3 Rb5 27. Re2 Qd6 28. Qh6 Rab8 29. Rxe6+ fxe6 30. Rxe6+ Qxe6 31. Qxe6+ Kf8 32. b3 a4 33. Kc2 axb3+ 34. axb3 R5b6 35. h4 R8b7 36. h5 Rf7 37. b4 Rbb7 38. Kd3 Rbc7 39. Qe5 Rce7 40. Qh8# 1-0

[Event "Copenhagen Unibank"]
[Site "Copenhagen"]
[Date "1991.07.31"]
[Round "5"]
[White "Hector, Jonny"]
[Black "Olesen, Martin"]
[Result "1/2-1/2"]
[WhiteElo "2500"]
[BlackElo "2325"]
[PlyCount "56"]
[EventDate "1991.07.??"]
[EventType "swiss"]
[EventRounds "9"]
[EventCountry "DEN"]

1. e4 c5 2. Nc3 g6 3. d4 cxd4 4. Qxd4 Nf6 5. Bb5 Nc6 6. Bxc6 dxc6 7. Qxd8+ Kxd8 8. Bf4 Nh5 9. O-O-O+ Bd7 10. Be3 e5 11. Nf3 f6 12. g4 Ng7 13. g5 Be7 14. gxf6 Bxf6 15. Rd6 Ne8 16. Rd3 Kc7 17. Bg5 Bxg5+ 18. Nxg5 Nf6 19. Rhd1 Raf8 20. R1d2 h6 21. Nf3 Re8 22. Rd6 Rhf8 23. Nh4 g5 24. Ng2 Bh3 25. Ne3 Rd8 26. Rxd8 Rxd8 27. Rxd8 Kxd8 28. Kd2 Ng4 1/2-1/2

[Event "Copenhagen Unibank"]
[Site "Copenhagen"]
[Date "1991.08.03"]
[Round "8"]
[White "Hector, Jonny"]
[Black "Barbero, Gerardo F"]
[Result "0-1"]
[WhiteElo "2500"]
[BlackElo "2485"]
[PlyCount "74"]
[EventDate "1991.07.??"]
[EventType "swiss"]
[EventRounds "9"]
[EventCountry "DEN"]

1. e4 e5 2. Nf3 d6 3. Bc4 Be7 4. d4 exd4 5. Nxd4 Nf6 6. Nc3 O-O 7. f3 c6 8. Bb3 d5 9. exd5 Bc5 10. Bg5 h6 11. Bh4 Re8+ 12. Nde2 Nbd7 13. dxc6 bxc6 14. Qd3 Qa5 15. Bxf6 Nxf6 16. O-O-O Ba6 17. Qg6 Kh8 18. Bxf7 Rxe2 19. Nxe2 Bxe2 20. Rde1 Be3+ 21. Kb1 Qd2 22. Bb3 Bf2 23. Rc1 a5 24. Qf7 a4 25. Qb7 Qd8 26. Be6 Rb8 27. Qxc6 Qd4 28. Bb3 axb3 29. cxb3 Nd5 30. Ka1 Be3 31. Rce1 Nb4 32. Qc3 Qa7 33. a4 Bd3 34. h4 Bd4 35. Qd2 Nc2+ 36. Ka2 Qxa4+ 37. bxa4 Rxb2# 0-1

[Event "Copenhagen Unibank"]
[Site "Copenhagen"]
[Date "1991.07.29"]
[Round "3"]
[White "Hector, Jonny"]
[Black "Warwaszynski, Zbigniew"]
[Result "1/2-1/2"]
[WhiteElo "2500"]
[BlackElo "2290"]
[PlyCount "100"]
[EventDate "1991.07.??"]
[EventType "swiss"]
[EventRounds "9"]
[EventCountry "DEN"]

1. e4 e6 2. d4 d5 3. e5 c5 4. Qg4 cxd4 5. Nf3 Nc6 6. Bd3 Qc7 7. Bf4 Nge7 8. O-O Ng6 9. Bxg6 hxg6 10. Nbd2 Bc5 11. Nb3 Bb6 12. Rad1 Bd7 13. Bg3 a5 14. Rfe1 Rc8 15. Re2 Qb8 16. Nbxd4 Nxd4 17. Nxd4 Rc4 18. c3 Bxd4 19. Rxd4 Rxd4 20. Qxd4 Qc7 21. Re3 O-O 22. b3 a4 23. Bf4 axb3 24. axb3 Ra8 25. h4 Qa5 26. h5 Qa1+ 27. Kh2 gxh5 28. Rg3 Qb1 29. Bh6 g6 30. Qh4 Qf5 31. Qe7 Bc6 32. Rf3 Qxe5+ 33. g3 f5 34. Re3 Qh8 35. Qxe6+ Kh7 36. Bf4 Re8 37. Qd6 Qf8 38. Qxf8 Rxf8 39. Re7+ Kg8 40. Rc7 Re8 41. Be3 d4 42. cxd4 g5 43. Kh3 Re4 44. Bxg5 Re1 45. g4 fxg4+ 46. Kg3 Rb1 47. Bf6 Rxb3+ 48. Kh4 Rf3 49. Be5 Rf5 50. Rg7+ Kf8 1/2-1/2

[Event "Copenhagen Unibank"]
[Site "Copenhagen"]
[Date "1991.07.31"]
[Round "5"]
[White "Hoi, Carsten"]
[Black "Bronstein, David"]
[Result "1/2-1/2"]
[WhiteElo "2440"]
[BlackElo "2460"]
[PlyCount "37"]
[EventDate "1991.07.??"]
[EventType "swiss"]
[EventRounds "9"]
[EventCountry "DEN"]

1. d4 d5 2. c4 dxc4 3. e3 Nf6 4. Bxc4 e6 5. Nf3 c5 6. O-O a6 7. Nc3 b5 8. Bb3 Bb7 9. Qe2 b4 10. Na4 cxd4 11. exd4 Be7 12. Nc5 Bd5 13. Bg5 O-O 14. Rfd1 Nc6 15. Ne5 Rc8 16. Bxf6 Bxf6 17. Bxd5 Qxd5 18. Ncd7 Bxe5 19. dxe5 1/2-1/2

[Event "Copenhagen Unibank"]
[Site "Copenhagen"]
[Date "1991.08.04"]
[Round "9"]
[White "Hoi, Carsten"]
[Black "Vogt, Lothar"]
[Result "1/2-1/2"]
[WhiteElo "2440"]
[BlackElo "2510"]
[PlyCount "120"]
[EventDate "1991.07.??"]
[EventType "swiss"]
[EventRounds "9"]
[EventCountry "DEN"]

1. d4 Nf6 2. c4 g6 3. Nc3 Bg7 4. e4 d6 5. f3 O-O 6. Be3 a6 7. Nge2 Nc6 8. Qd2 Rb8 9. O-O-O b5 10. g4 bxc4 11. h4 h5 12. Bh6 Kh7 13. Bxg7 Kxg7 14. Ng3 Rh8 15. g5 Nh7 16. d5 Ne5 17. f4 Nd3+ 18. Bxd3 cxd3 19. f5 Nf8 20. Rdf1 Nd7 21. f6+ exf6 22. gxf6+ Nxf6 23. Qg5 Bg4 24. Nf5+ Bxf5 25. exf5 Rb4 26. Rh2 Ng4 27. f6+ Kh7 28. Rd2 Ne5 29. Rf4 Rxf4 30. Qxf4 Qd7 31. Ne4 Qg4 32. Ng5+ Kg8 33. Qf2 Qc4+ 34. Kb1 Qxd5 35. Rd1 Ng4 36. Re1 Qc6 37. Qd2 Nxf6 38. a3 Kg7 39. Re7 Qh1+ 40. Qc1 Qxc1+ 41. Kxc1 Nh7 42. Nxf7 Kf6 43. Rxc7 Re8 44. Nxd6 Re6 45. Nc4 Nf8 46. Kd2 g5 47. Rc5 gxh4 48. Rxh5 Ng6 49. Ne3 Ne5 50. Ng2 Re7 51. Rxh4 Nf3+ 52. Kxd3 Nxh4 53. Nxh4 Rg7 54. Nf3 Rg3 55. Ke4 Rg2 56. b3 Ke6 57. Kd4 Kd6 58. Ne5 Rg3 59. Nc4+ Kc6 60. a4 Rg4+ 1/2-1/2

[Event "Copenhagen Unibank"]
[Site "Copenhagen"]
[Date "1991.07.27"]
[Round "1"]
[White "Hoi, Carsten"]
[Black "Kubien, Jerzy"]
[Result "1/2-1/2"]
[WhiteElo "2440"]
[BlackElo "2260"]
[PlyCount "122"]
[EventDate "1991.07.??"]
[EventType "swiss"]
[EventRounds "9"]
[EventCountry "DEN"]

1. d4 d5 2. Nf3 Nf6 3. c4 e6 4. Nc3 c6 5. Bg5 Be7 6. e3 Nbd7 7. Bd3 O-O 8. O-O h6 9. Bh4 dxc4 10. Bxc4 c5 11. Qe2 cxd4 12. Nxd4 Nb6 13. Bb3 Nfd5 14. Nxd5 Bxh4 15. Nc3 Bd7 16. Rfd1 Qe7 17. Rac1 Bf6 18. h3 Rac8 19. Qf3 Bxd4 20. Rxd4 Bc6 21. Qh5 Nd7 22. Rcd1 Nf6 23. Qa5 a6 24. Qe5 Rfe8 25. Rd6 Qc7 26. Qd4 Qa5 27. f4 Qh5 28. Rf1 e5 29. Qd1 Qxd1 30. Rfxd1 exf4 31. exf4 Nh5 32. R6d4 Kf8 33. g4 Nf6 34. Kf2 Rc7 35. Rd8 Rxd8 36. Rxd8+ Ke7 37. Rd4 g5 38. Kg3 Rd7 39. Rxd7+ Nxd7 40. h4 f6 41. Bd5 Bxd5 42. Nxd5+ Ke6 43. Ne3 Nc5 44. h5 Nd3 45. Nf5 Nxb2 46. Nxh6 Nd3 47. fxg5 fxg5 48. Kf3 b5 49. Ke4 Ne5 50. Kd4 b4 51. Kc5 Nd3+ 52. Kc4 Nc1 53. Nf5 Kf6 54. Kxb4 Nxa2+ 55. Kc4 Nc1 56. Ng3 a5 57. Ne4+ Kg7 58. Nxg5 a4 59. Kb4 Nd3+ 60. Kxa4 Ne5 61. Ne6+ Kh6 1/2-1/2

[Event "Copenhagen Unibank"]
[Site "Copenhagen"]
[Date "1991.08.02"]
[Round "7"]
[White "Hoi, Carsten"]
[Black "Luther, Thomas"]
[Result "1/2-1/2"]
[WhiteElo "2440"]
[BlackElo "2495"]
[PlyCount "112"]
[EventDate "1991.07.??"]
[EventType "swiss"]
[EventRounds "9"]
[EventCountry "DEN"]

1. d4 Nf6 2. Nf3 d5 3. c4 e6 4. Nc3 Bb4 5. e3 O-O 6. Bd3 c5 7. O-O Nc6 8. a3 Bxc3 9. bxc3 dxc4 10. Bxc4 Qc7 11. Bb5 Rd8 12. Qe2 a6 13. Bxc6 Qxc6 14. Bb2 b6 15. c4 Bb7 16. Rab1 Rac8 17. dxc5 Qxc5 18. Bd4 Qxc4 19. Qxc4 Rxc4 20. Ne5 Rc2 21. Rxb6 Bc8 22. Nc6 Re8 23. Nb4 Rc4 24. Bxf6 gxf6 25. Nxa6 Bxa6 26. Rxa6 Rd8 27. h3 Rd2 28. Ra7 Rcc2 29. Ra4 Ra2 30. Rg4+ Kf8 31. a4 f5 32. Rf4 Kg7 33. Rb1 Rab2 34. Rxb2 Rxb2 35. g4 fxg4 36. hxg4 Ra2 37. Kg2 Kg6 38. Kg3 Ra1 39. Rb4 h5 40. gxh5+ Kxh5 41. Kf4 Ra2 42. f3 Ra3 43. Rb5+ Kg6 44. a5 Kf6 45. Ke4 Ra4+ 46. Kd3 e5 47. Rb6+ Kf5 48. a6 Ra3+ 49. Kc2 e4 50. fxe4+ Kxe4 51. Kb2 Ra5 52. Kb3 f5 53. Re6+ Kd5 54. Kb4 Ra1 55. Rf6 Ke5 56. Rh6 Ke4 1/2-1/2

[Event "Copenhagen Unibank"]
[Site "Copenhagen"]
[Date "1991.07.29"]
[Round "3"]
[White "Hoi, Carsten"]
[Black "Bang, Andreas"]
[Result "1-0"]
[WhiteElo "2440"]
[BlackElo "2285"]
[PlyCount "57"]
[EventDate "1991.07.??"]
[EventType "swiss"]
[EventRounds "9"]
[EventCountry "DEN"]

1. d4 d5 2. Nc3 Nf6 3. Bg5 c5 4. Bxf6 gxf6 5. e4 dxe4 6. dxc5 Qa5 7. Qh5 Bg7 8. Bc4 O-O 9. O-O-O Nc6 10. Bd5 Ne5 11. f4 Ng6 12. f5 Nf4 13. Qh4 Nxd5 14. Rxd5 e6 15. Rd2 exf5 16. Nge2 Be6 17. Nf4 Rfd8 18. Rhd1 Rxd2 19. Rxd2 Qxc5 20. Nh5 Qe5 21. Ne2 Bh6 22. Nxf6+ Kg7 23. Nf4 Bxf4 24. Nh5+ Kf8 25. Nxf4 Ke8 26. Nh5 e3 27. Nf6+ Kf8 28. Rd7 h5 29. Qg5 1-0

[Event "Copenhagen Unibank"]
[Site "Copenhagen"]
[Date "1991.07.27"]
[Round "1"]
[White "Hoiberg, Nina"]
[Black "Schmidt, Wlodzimierz"]
[Result "1/2-1/2"]
[WhiteElo "2275"]
[BlackElo "2460"]
[PlyCount "66"]
[EventDate "1991.07.??"]
[EventType "swiss"]
[EventRounds "9"]
[EventCountry "DEN"]

1. e4 c5 2. Nf3 e6 3. d4 cxd4 4. Nxd4 Nf6 5. Nc3 d6 6. f4 a6 7. Be2 Be7 8. O-O O-O 9. Bf3 Qc7 10. Kh1 Nc6 11. Be3 Bd7 12. a4 Nxd4 13. Qxd4 Bc6 14. f5 b5 15. fxe6 fxe6 16. Rfe1 Qb7 17. axb5 axb5 18. Ra7 Rxa7 19. Qxa7 Qxa7 20. Bxa7 Ra8 21. e5 Bxf3 22. gxf3 Rxa7 23. exf6 Bxf6 24. Nxb5 Re7 25. Nxd6 Bxb2 26. Rb1 Rd7 27. Ne4 Be5 28. c4 Ra7 29. Rd1 Kf7 30. Rd2 Ra1+ 31. Kg2 Rc1 32. c5 Kg6 33. h3 Kf5 1/2-1/2

[Event "Copenhagen Unibank"]
[Site "Copenhagen"]
[Date "1991.08.04"]
[Round "9"]
[White "Hoiberg, Nina"]
[Black "Jakobsen, Ole"]
[Result "1/2-1/2"]
[WhiteElo "2275"]
[BlackElo "2365"]
[PlyCount "59"]
[EventDate "1991.07.??"]
[EventType "swiss"]
[EventRounds "9"]
[EventCountry "DEN"]

1. e4 c5 2. Nf3 Nc6 3. d4 cxd4 4. Nxd4 Nf6 5. Nc3 d6 6. f4 e6 7. Be2 Be7 8. Be3 Qc7 9. O-O a6 10. a4 Bd7 11. Bf3 Nxd4 12. Qxd4 e5 13. Qd2 Rc8 14. Kh1 O-O 15. f5 b5 16. axb5 axb5 17. Ra7 Qc4 18. Be2 Qb4 19. Rxd7 Nxd7 20. Nd5 Qxd2 21. Nxe7+ Kh8 22. Bxd2 Rxc2 23. Bxb5 Rxd2 24. Bxd7 Rb8 25. Bc6 Rbxb2 26. Rg1 Rf2 27. Bd5 g6 28. h3 Kg7 29. fxg6 hxg6 30. Nc8 1/2-1/2

[Event "Copenhagen Unibank"]
[Site "Copenhagen"]
[Date "1991.07.29"]
[Round "3"]
[White "Hoiberg, Nina"]
[Black "Kubien, Jerzy"]
[Result "0-1"]
[WhiteElo "2275"]
[BlackElo "2260"]
[PlyCount "48"]
[EventDate "1991.07.??"]
[EventType "swiss"]
[EventRounds "9"]
[EventCountry "DEN"]

1. e4 Nc6 2. d4 e5 3. Nf3 exd4 4. Nxd4 Bc5 5. Be3 Qf6 6. c3 Nge7 7. Bc4 O-O 8. O-O Ne5 9. Be2 Qg6 10. Nf5 Nxf5 11. Bxc5 Nh4 12. g3 d6 13. Bd4 Bh3 14. Bxe5 dxe5 15. Nd2 Rad8 16. Qc2 Bxf1 17. Kxf1 Rxd2 18. Qxd2 Qxe4 19. f3 Nxf3 20. Qd7 Ng5 21. Kf2 Ne6 22. Rd1 g6 23. Qe7 Qf5+ 24. Kg2 Qc2 0-1

[Event "Copenhagen Unibank"]
[Site "Copenhagen"]
[Date "1991.08.02"]
[Round "7"]
[White "Hoiberg, Nina"]
[Black "Olesen, Martin"]
[Result "0-1"]
[WhiteElo "2275"]
[BlackElo "2325"]
[PlyCount "120"]
[EventDate "1991.07.??"]
[EventType "swiss"]
[EventRounds "9"]
[EventCountry "DEN"]

1. e4 c5 2. Nf3 d6 3. d4 cxd4 4. Nxd4 Nf6 5. Nc3 g6 6. Bc4 Bg7 7. O-O O-O 8. Be3 a6 9. Bb3 b5 10. f3 Bb7 11. Qd2 Nbd7 12. Nd5 Nxd5 13. Bxd5 Qc7 14. c3 Nb6 15. Bxb7 Nc4 16. Qe2 Qxb7 17. Bf2 Rac8 18. Rac1 Rc7 19. Rfd1 Rfc8 20. b3 Ne5 21. Qe3 h5 22. Ne2 Nd7 23. Rc2 Kh7 24. h3 Bh6 25. Qd4 Nc5 26. Be3 Ne6 27. Qd2 Bxe3+ 28. Qxe3 Qa7 29. Kf2 Qb7 30. g4 hxg4 31. hxg4 Kg7 32. Rh1 Qa7 33. Qxa7 Rxa7 34. Ke3 Rac7 35. Rhc1 g5 36. Nd4 Nf4 37. c4 bxc4 38. Rxc4 Rxc4 39. Rxc4 Rxc4 40. bxc4 Kf6 41. Nc6 Ne6 42. Nb4 Nc5 43. Kd4 Ke6 44. e5 Kd7 45. Nd5 Ne6+ 46. Ke4 Nc5+ 47. Kd4 Ne6+ 48. Ke4 dxe5 49. Kxe5 f6+ 50. Nxf6+ exf6+ 51. Kxf6 a5 52. c5 a4 53. c6+ Kd6 54. c7 Nxc7 55. Kxg5 Nd5 56. f4 Ke6 57. f5+ Kf7 58. Kh4 Nc3 59. g5 Nxa2 60. Kh5 Nb4 0-1